000 00594nam a22002057a 4500
003 koha_MIRAKIL
005 20231213095910.0
008 231213b |||||||| |||| 00| 0 ||| d
020 _b978-9-75458636-7
040 _aTR-IsEVY
_btur
_cTR-IsEVY
082 _a001.44 STI/Ç
100 _aStiekel, Bettina.
245 0 _aÇocuklar soruyor, nobel'liler cevaplıyor
250 _a9. bs.
260 _bTürkiye İş Bankası Kültür Yayınları,
_c2014
300 _a217 s.
650 _aChildren's questions and answers.
650 _aÇocukların soru ve cevapları.
942 _2ddc
_cBK
999 _c11250
_d11250